[Event "Latschach op 25th"]
[Site "Latschach"]
[Date "2009.08.13"]
[Round "7"]
[White "Schwarhofer, Christopher"]
[Black "Revelant, Stefan"]
[Result "1-0"]
[WhiteElo "2239"]
[BlackElo "2108"]
[PlyCount "75"]
[EventDate "2009.08.08"]
[EventType "swiss"]
[EventRounds "9"]
[EventCountry "AUT"]
[SourceTitle "CBM 131 Extra"]
[Source "ChessBase"]
[SourceDate "2009.09.03"]
[SourceVersion "2"]
[SourceVersionDate "2009.09.16"]
[SourceQuality "1"]

1. e4 c5 2. Nf3 d6 3. d4 cxd4 4. Nxd4 Nf6 5. Nc3 a6 6. Be3 e5 7. Nb3 Be6 8. f3 Nbd7 9. Qd2 Be7 10. 0-0-0 0-0 11. g4 Nb6 12. h4 Rc8 13. h5 Nfd7 14. Nd5 Bxd5 15. exd5 Qc7 16. c3 Nc4 17. Bxc4 Qxc4 18. g5 g6 19. Qh2 Rfe8 20. hxg6 Nf8 21. gxf7+ Kxf7 22. Qh5+ Kg8 23. g6 hxg6 24. Qh8+ Kf7 25. Rh7+ Nxh7 26. Qxh7+ Kf6 27. Bg5+ Kxg5 28. Rg1+ Kf4 29. Qh2+ Kxf3 30. Rg3+ Ke4 31. Qg2+ Kf5 32. Qh3+ Ke4 33. Nd2+ Kxd5 34. Nxc4 Kxc4 35. Rg4+ Kc5 36. Qe3+ Kd5 37. Qf3+ Kc5 38. Qxb7 1-0

[Event "Latschach op 25th"]
[Site "Latschach"]
[Date "2009.08.11"]
[Round "5"]
[White "Revelant, Stefan"]
[Black "Schreiner, Peter"]
[Result "1/2-1/2"]
[WhiteElo "2108"]
[BlackElo "2188"]
[PlyCount "83"]
[EventDate "2009.08.08"]
[EventType "swiss"]
[EventRounds "9"]
[EventCountry "AUT"]
[SourceTitle "CBM 131 Extra"]
[Source "ChessBase"]
[SourceDate "2009.09.03"]
[SourceVersion "2"]
[SourceVersionDate "2009.09.16"]
[SourceQuality "1"]

1. e4 e5 2. Nf3 Nc6 3. Bb5 a6 4. Ba4 Nf6 5. 0-0 Be7 6. Re1 b5 7. Bb3 0-0 8. c3 d6 9. h3 Na5 10. Bc2 c5 11. d3 Re8 12. Nbd2 Bf8 13. Nf1 g6 14. Bg5 h6 15. Bh4 Bg7 16. b4 Nc6 17. a4 Be6 18. Qd2 cxb4 19. cxb4 a5 20. axb5 Nxb4 21. d4 Qb8 22. Ba4 Kh7 23. d5 Bd7 24. Bxf6 Bxf6 25. Qe2 Bg7 26. g4 f5 27. gxf5 gxf5 28. Ng3 f4 29. Nh5 Rg8 30. Kh2 Bh8 31. Rg1 Qb6 32. Nh4 Nd3 33. Qxd3 Qxf2+ 34. Ng2 f3 35. Qf1 Rxg2+ 36. Rxg2 Qxg2+ 37. Qxg2 fxg2 38. Kxg2 Rb8 39. b6 Bxa4 40. Rxa4 Rxb6 41. Rxa5 Kg6 42. Ng3 1/2-1/2

[Event "AUT-chT2M 0708"]
[Site "Austria"]
[Date "2007.11.11"]
[Round "4.6"]
[White "Radnetter, Georg"]
[Black "Revelant, Stefan"]
[Result "1-0"]
[WhiteElo "2106"]
[BlackElo "2108"]
[PlyCount "77"]
[EventDate "2007.10.13"]
[EventType "team"]
[EventRounds "11"]
[EventCountry "AUT"]
[SourceTitle "EXT 2009"]
[Source "ChessBase"]
[SourceDate "2008.11.26"]
[SourceVersion "1"]
[SourceVersionDate "2008.11.26"]
[SourceQuality "1"]
[WhiteTeam "Fuerstenfeld"]
[BlackTeam "Villach Admira"]
[WhiteTeamCountry "AUT"]
[BlackTeamCountry "AUT"]

1. e4 c5 2. Nf3 d6 3. d4 cxd4 4. Nxd4 Nf6 5. Nc3 a6 6. Be2 e5 7. Nb3 Be6 8. 0-0 Nbd7 9. f4 Qc7 10. f5 Bc4 11. Bxc4 Qxc4 12. Qf3 b5 13. a3 Rc8 14. Be3 d5 15. exd5 e4 16. Qd1 Bd6 17. h3 0-0 18. Nd2 Qc7 19. Ndxe4 Nxe4 20. Nxe4 Bh2+ 21. Kh1 Rfe8 22. Qg4 h5 23. Qf3 Qe5 24. Ng5 Qxe3 25. Qxh5 Nf6 26. Qxf7+ Kh8 27. Ne6 Rxe6 28. fxe6 Be5 29. Rf3 Qe2 30. e7 Bxb2 31. Raf1 Bxa3 32. Rxf6 gxf6 33. Qxf6+ Kh7 34. Rf4 Qe1+ 35. Kh2 Qxe7 36. Qf5+ Kh6 37. Qxc8 Bd6 38. Qg4 Qe3 39. Qh4+ 1-0

[Event "Latschach op 23rd"]
[Site "Latschach"]
[Date "2007.08.17"]
[Round "8"]
[White "Trevisan, Luigi"]
[Black "Revelant, Stefan"]
[Result "0-1"]
[WhiteElo "2197"]
[BlackElo "2089"]
[PlyCount "58"]
[EventDate "2007.08.11"]
[EventType "swiss"]
[EventRounds "9"]
[EventCountry "AUT"]
[SourceTitle "CBM 120 Extra"]
[Source "ChessBase"]
[SourceDate "2007.11.01"]
[SourceVersion "1"]
[SourceVersionDate "2007.11.01"]
[SourceQuality "1"]

1. e4 c5 2. Nf3 d6 3. d4 cxd4 4. Qxd4 Nc6 5. Bb5 Bd7 6. Bxc6 Bxc6 7. Nc3 Nf6 8. Bg5 e6 9. 0-0-0 Be7 10. Rhe1 0-0 11. Bxf6 Bxf6 12. Qd3 Qa5 13. Nd4 Rac8 14. f4 Rfd8 15. g4 b5 16. Kb1 b4 17. Nce2 Qb6 18. h4 Bb7 19. g5 Bxd4 20. Nxd4 Ba6 21. Qg3 Rc4 22. Nf3 Qc5 23. e5 Rxc2 24. exd6 Rxb2+ 25. Kxb2 Qc3+ 26. Kb1 Bd3+ 27. Rxd3 Qxd3+ 28. Kb2 Qc3+ 29. Kb1 b3 0-1

[Event "Latschach op 23rd"]
[Site "Latschach"]
[Date "2007.08.12"]
[Round "2"]
[White "Riemelmoser, Franz"]
[Black "Revelant, Stefan"]
[Result "1/2-1/2"]
[WhiteElo "2313"]
[BlackElo "2089"]
[PlyCount "72"]
[EventDate "2007.08.11"]
[EventType "swiss"]
[EventRounds "9"]
[EventCountry "AUT"]
[SourceTitle "CBM 120 Extra"]
[Source "ChessBase"]
[SourceDate "2007.11.01"]
[SourceVersion "1"]
[SourceVersionDate "2007.11.01"]
[SourceQuality "1"]

1. c4 e5 2. Nc3 Nc6 3. Nf3 g6 4. d4 exd4 5. Nxd4 Bg7 6. Nxc6 bxc6 7. g3 Ne7 8. Bg2 0-0 9. 0-0 d6 10. Bg5 f6 11. Bc1 Be6 12. b3 Qd7 13. Bb2 Bh3 14. Rc1 Bxg2 15. Kxg2 f5 16. e3 Qe6 17. Qc2 Rae8 18. Rfd1 g5 19. Ne2 Bxb2 20. Qxb2 f4 21. exf4 gxf4 22. f3 Nf5 23. Rd2 fxg3 24. Nxg3 Nh4+ 25. Kh1 Rxf3 26. Rg1 Ng6 27. Re2 Re3 28. Nh5 Re5 29. Rxe5 dxe5 30. Rf1 Rf8 31. Rxf8+ Kxf8 32. Qd2 Qe7 33. Ng3 Qd6 34. Qc2 Nf4 35. Qf5+ Ke8 36. Qc8+ Kf7 1/2-1/2

[Event "Latschach op 22nd"]
[Site "Latschach"]
[Date "2006.08.17"]
[Round "7"]
[White "Revelant, Stefan"]
[Black "Praznik, Niko"]
[Result "0-1"]
[WhiteElo "2057"]
[BlackElo "2356"]
[PlyCount "120"]
[EventDate "2006.08.12"]
[EventType "swiss"]
[EventRounds "9"]
[EventCountry "AUT"]
[SourceTitle "CBM 113 Extra"]
[Source "ChessBase"]
[SourceDate "2006.09.14"]
[SourceVersion "1"]
[SourceVersionDate "2006.09.14"]
[SourceQuality "1"]

1. e4 e6 2. d4 d5 3. Nc3 Bb4 4. a3 Bxc3+ 5. bxc3 dxe4 6. Qg4 Nf6 7. Qxg7 Rg8 8. Qh6 Nbd7 9. Qd2 b6 10. Nh3 Bb7 11. Bb2 a5 12. c4 Qe7 13. a4 Qf8 14. Ra3 Qb4 15. Bc1 Bc6 16. Nf4 Rg4 17. Be2 Rg8 18. c3 Qd6 19. Ra2 Nf8 20. c5 bxc5 21. Ba3 N8d7 22. 0-0 Nd5 23. Bc1 e3 24. fxe3 Nxf4 25. Rxf4 Rxg2+ 26. Kf1 Qd5 27. e4 Qg5 28. Rg4 Qxd2 29. Bxd2 Rxg4 30. Bxg4 Bxe4 31. Bf4 Nf6 32. Bd1 Nd5 33. Bd2 Bd3+ 34. Kf2 c4 35. Rb2 Kd7 36. Bh5 Bg6 37. Bf3 Ra6 38. Bxd5 exd5 39. Rb5 c6 40. Rb2 Ke6 41. Bf4 Kf5 42. Ke3 Ra8 43. Rf2 Ke6 44. Be5 Bf5 45. Rb2 f6 46. Bg3 Bg6 47. Kf4 Ra7 48. Bh4 Be4 49. Rb6 Kd6 50. Rb2 Re7 51. Bg3 Bg6 52. Kf3+ Ke6 53. Rb6 Kf5 54. Rxc6 Bh5+ 55. Kf2 Re2+ 56. Kf1 Ra2 57. Rc5 Ke4 58. Rxa5 Ke3 59. Be1 Bf3 60. Ra6 Rxh2 0-1

[Event "Latschach op 22nd"]
[Site "Latschach"]
[Date "2006.08.16"]
[Round "6"]
[White "Smole, Albert"]
[Black "Revelant, Stefan"]
[Result "0-1"]
[WhiteElo "2136"]
[BlackElo "2057"]
[PlyCount "60"]
[EventDate "2006.08.12"]
[EventType "swiss"]
[EventRounds "9"]
[EventCountry "AUT"]
[SourceTitle "CBM 113 Extra"]
[Source "ChessBase"]
[SourceDate "2006.09.14"]
[SourceVersion "1"]
[SourceVersionDate "2006.09.14"]
[SourceQuality "1"]

1. e4 c5 2. Nc3 d6 3. g3 g6 4. Bg2 Bg7 5. Nf3 Nc6 6. 0-0 Nf6 7. d3 0-0 8. h3 Rb8 9. a4 a6 10. Ne2 b5 11. axb5 axb5 12. c3 b4 13. Qc2 Nd7 14. d4 bxc3 15. bxc3 cxd4 16. cxd4 Nb4 17. Qd2 Nc5 18. dxc5 Bxa1 19. Ba3 dxc5 20. Qf4 Ba6 21. Rxa1 Bxe2 22. Qh6 Bxf3 23. Bb2 f6 24. Bxf3 Nd3 25. Bc3 Rb3 26. Ba5 Qd4 27. Rf1 Ne5 28. Bg2 Rxg3 29. Qf4 Ra3 30. h4 Rxa5 0-1

[Event "Latschach op 22nd"]
[Site "Latschach"]
[Date "2006.08.13"]
[Round "2"]
[White "Revelant, Stefan"]
[Black "Zenker, Ulrich"]
[Result "0-1"]
[WhiteElo "2057"]
[BlackElo "2295"]
[PlyCount "66"]
[EventDate "2006.08.12"]
[EventType "swiss"]
[EventRounds "9"]
[EventCountry "AUT"]
[SourceTitle "CBM 113 Extra"]
[Source "ChessBase"]
[SourceDate "2006.09.14"]
[SourceVersion "1"]
[SourceVersionDate "2006.09.14"]
[SourceQuality "1"]

1. e4 e5 2. Nf3 d6 3. d4 exd4 4. Nxd4 Nf6 5. Nc3 Be7 6. Bd3 Nc6 7. Be3 Ng4 8. Qe2 Nxe3 9. fxe3 Ne5 10. 0-0-0 c6 11. h3 Qb6 12. Bc4 Bd7 13. Kb1 0-0-0 14. Rhf1 Bf6 15. Bb3 Rhe8 16. Qf2 Be6 17. Nf5 Nc4 18. Rd3 Qc5 19. Qe2 b5 20. Nd4 Kc7 21. Rfd1 a5 22. a3 Ne5 23. Bxe6 fxe6 24. Ncxb5+ cxb5 25. Rc3 Nc4 26. Nxb5+ Qxb5 27. Rxc4+ Kb6 28. b3 d5 29. a4 Qd7 30. b4 Rc8 31. bxa5+ Ka7 32. Rb4 Rb8 33. Qd2 Qxa4 0-1

[Event "Faakersee op 21st"]
[Site "Latschach"]
[Date "2005.08.17"]
[Round "6"]
[White "Revelant, Stefan"]
[Black "Hicker, Harald"]
[Result "0-1"]
[WhiteElo "2059"]
[BlackElo "2171"]
[PlyCount "86"]
[EventDate "2005.08.13"]
[EventType "swiss"]
[EventRounds "9"]
[EventCountry "AUT"]
[SourceTitle "EXT 2006"]
[Source "ChessBase"]
[SourceDate "2005.11.24"]
[SourceVersion "1"]
[SourceVersionDate "2005.11.24"]
[SourceQuality "1"]

1. d4 d5 2. c4 e6 3. Nf3 Nf6 4. Nc3 Be7 5. Bg5 Nbd7 6. e3 a6 7. c5 c6 8. Bd3 e5 9. Bc2 e4 10. Nd2 Nf8 11. 0-0 Bg4 12. f3 exf3 13. Nxf3 Ng6 14. h3 Bxf3 15. Qxf3 0-0 16. h4 Nd7 17. Bxe7 Qxe7 18. g3 Rfe8 19. Rae1 Nf6 20. e4 dxe4 21. Nxe4 Nxe4 22. Rxe4 Qd7 23. Bb3 Nh8 24. Rf4 Re7 25. d5 cxd5 26. Bxd5 Rf8 27. Rb4 Qc7 28. Rc1 Rb8 29. Kg2 Ng6 30. Rb6 Qc8 31. b4 Ne5 32. Qe4 Nc6 33. Rxc6 Qe8 34. Qf3 bxc6 35. Bxc6 Qc8 36. a3 Qe6 37. Rc2 Rd8 38. Rf2 Qe1 39. Bd5 Rf8 40. g4 Qe5 41. Bb7 a5 42. Bd5 axb4 43. axb4 Qd4 0-1

[Event "AUT-ch U18"]
[Site "Saalfelden"]
[Date "2005.??.??"]
[Round "6"]
[White "Revelant, Stefan"]
[Black "Zojer, Stefan"]
[Result "1/2-1/2"]
[WhiteElo "2078"]
[BlackElo "2132"]
[PlyCount "56"]
[EventDate "2005.03.??"]
[EventType "swiss"]
[EventRounds "7"]
[EventCountry "AUT"]
[SourceTitle "EXT 2007"]
[Source "ChessBase"]
[SourceDate "2006.11.23"]
[SourceVersion "1"]
[SourceVersionDate "2006.11.23"]
[SourceQuality "1"]

1. d4 f5 2. c4 Nf6 3. Nc3 g6 4. g3 Bg7 5. Bg2 d6 6. Nf3 0-0 7. 0-0 Qe8 8. Qc2 c6 9. Re1 Na6 10. a3 e5 11. dxe5 dxe5 12. e4 Nc5 13. Nd2 Qf7 14. b4 Ne6 15. exf5 Ng4 16. Nf3 Nd4 17. Nxd4 exd4 18. f6 Bxf6 19. Ne4 d3 20. Nxf6+ Qxf6 21. Qa2 Qxf2+ 22. Qxf2 Rxf2 23. h3 Re2 24. Rxe2 dxe2 25. Bf4 Nf6 26. Re1 Be6 27. Rxe2 Bxc4 28. Re7 Nd5 1/2-1/2

[Event "AUT-ch U18"]
[Site "Saalfelden"]
[Date "2005.??.??"]
[Round "2"]
[White "Sadilek, Peter"]
[Black "Revelant, Stefan"]
[Result "0-1"]
[WhiteElo "2042"]
[BlackElo "2078"]
[PlyCount "48"]
[EventDate "2005.03.??"]
[EventType "swiss"]
[EventRounds "7"]
[EventCountry "AUT"]
[SourceTitle "EXT 2007"]
[Source "ChessBase"]
[SourceDate "2006.11.23"]
[SourceVersion "1"]
[SourceVersionDate "2006.11.23"]
[SourceQuality "1"]

1. e4 c6 2. d4 d5 3. Nc3 dxe4 4. Nxe4 Nd7 5. Ng5 Ngf6 6. Bc4 e6 7. Qe2 Nb6 8. Bd3 h6 9. N5f3 c5 10. dxc5 Bxc5 11. Ne5 0-0 12. Ngf3 Nbd5 13. a3 b6 14. g4 Nd7 15. Rg1 Nxe5 16. Nxe5 Qh4 17. g5 Nf4 18. Bxf4 Qxf4 19. Rg4 Qxh2 20. gxh6 Qxh6 21. Qe4 f5 22. Qxa8 fxg4 23. Nxg4 Bxf2+ 24. Nxf2 Qe3+ 0-1

[Event "Feffernitz Raika op 13th"]
[Site "Feffernitz"]
[Date "2004.08.22"]
[Round "9"]
[White "Kock, Hans Uwe"]
[Black "Revelant, Stefan"]
[Result "1/2-1/2"]
[WhiteElo "2172"]
[BlackElo "1815"]
[PlyCount "29"]
[EventDate "2004.08.14"]
[EventType "swiss"]
[EventRounds "9"]
[EventCountry "AUT"]
[SourceTitle "EXT 2005"]
[Source "ChessBase"]
[SourceDate "2004.11.15"]
[SourceVersion "1"]
[SourceVersionDate "2004.11.15"]
[SourceQuality "1"]

1. d4 Nf6 2. c4 g6 3. Nc3 d5 4. Nf3 Bg7 5. cxd5 Nxd5 6. e4 Nxc3 7. bxc3 c5 8. Rb1 0-0 9. Be2 cxd4 10. cxd4 Qa5+ 11. Bd2 Qxa2 12. Qc1 Qe6 13. e5 Qc6 14. Qa3 Qe4 15. Rd1 1/2-1/2

[Event "Feffernitz Raika op 13th"]
[Site "Feffernitz"]
[Date "2004.08.21"]
[Round "8"]
[White "Revelant, Stefan"]
[Black "Haselhorst, Helmut"]
[Result "1-0"]
[WhiteElo "1815"]
[BlackElo "2121"]
[PlyCount "83"]
[EventDate "2004.08.14"]
[EventType "swiss"]
[EventRounds "9"]
[EventCountry "AUT"]
[SourceTitle "EXT 2005"]
[Source "ChessBase"]
[SourceDate "2004.11.15"]
[SourceVersion "1"]
[SourceVersionDate "2004.11.15"]
[SourceQuality "1"]

1. d4 Nf6 2. c4 g6 3. Nc3 Bg7 4. e4 0-0 5. g3 d6 6. Bg2 Nc6 7. Nge2 a6 8. 0-0 Rb8 9. a3 Na5 10. b3 c5 11. dxc5 dxc5 12. Qxd8 Rxd8 13. Bf4 Ra8 14. Bc7 Rd3 15. Bxa5 Nd7 16. e5 Nxe5 17. Rad1 Bf5 18. Rxd3 Bxd3 19. Rd1 Bc2 20. Rd8+ Rxd8 21. Bxd8 Kf8 22. Bxb7 Bxb3 23. Bxa6 Bxc4 24. Bxc4 Nxc4 25. a4 Be5 26. a5 Ke8 27. Bb6 Nxb6 28. axb6 Kd7 29. f4 Bb8 30. Kf2 Kc6 31. Na4 Kb5 32. Nec3+ Kb4 33. Ke3 e5 34. fxe5 Bxe5 35. Ke4 Bb8 36. Kd5 h5 37. Nxc5 h4 38. Ne2 Kb5 39. Nd7 hxg3 40. hxg3 f5 41. Nxb8 Kxb6 42. Ke5 1-0

[Event "AUT-ch U16"]
[Site "Zwettl"]
[Date "2003.??.??"]
[Round "5"]
[White "Kubinger, Thomas"]
[Black "Revelant, Stefan"]
[Result "1-0"]
[WhiteElo "1875"]
[BlackElo "1780"]
[PlyCount "31"]
[EventDate "2003.??.??"]
[EventType "swiss"]
[EventRounds "7"]
[EventCountry "AUT"]
[SourceTitle "EXT 2007"]
[Source "ChessBase"]
[SourceDate "2006.11.23"]
[SourceVersion "1"]
[SourceVersionDate "2006.11.23"]
[SourceQuality "1"]

1. c4 Nf6 2. Nc3 g6 3. e4 d6 4. g3 Bg7 5. Bg2 e5 6. Nge2 Nc6 7. 0-0 0-0 8. h3 Be6 9. Nd5 Qd7 10. Kh2 Ne8 11. Rb1 f5 12. f3 Nf6 13. b4 Ne7 14. d4 fxe4 15. fxe4 Nc6 16. Nxf6+ 1-0

[Event "AUT-ch U16"]
[Site "Zwettl"]
[Date "2003.??.??"]
[Round "6"]
[White "Revelant, Stefan"]
[Black "Pachta, Paul"]
[Result "1/2-1/2"]
[WhiteElo "1780"]
[BlackElo "1915"]
[PlyCount "52"]
[EventDate "2003.??.??"]
[EventType "swiss"]
[EventRounds "7"]
[EventCountry "AUT"]
[SourceTitle "EXT 2007"]
[Source "ChessBase"]
[SourceDate "2006.11.23"]
[SourceVersion "1"]
[SourceVersionDate "2006.11.23"]
[SourceQuality "1"]

1. d4 Nf6 2. c4 g6 3. Nc3 Bg7 4. e4 d6 5. f3 0-0 6. Be3 e5 7. d5 c6 8. Bd3 cxd5 9. cxd5 Nbd7 10. Nge2 a5 11. 0-0 Nc5 12. Bc2 Bd7 13. Rc1 Rc8 14. Qd2 Ne8 15. a3 b5 16. b4 axb4 17. axb4 Na4 18. Nxa4 bxa4 19. Ra1 Ra8 20. Ra3 f5 21. Rfa1 fxe4 22. fxe4 Nf6 23. Ng3 Ng4 24. h3 Nxe3 25. Qxe3 Rb8 26. Rb1 Ra8 1/2-1/2